[Event "TUR-chT Superleague 2018"]
[Site "Ankara"]
[Date "2018.08.05"]
[Round "13"]
[White "Ali Marandi, Cemil Can"]
[Black "Goganov, Alexey"]
[Result "1/2-1/2"]
[WhiteElo "2540"]
[BlackElo "2586"]
[Annotator "TA"]
[PlyCount "37"]
[EventDate "2018.07.25"]
[EventType "team-tourn"]
[EventCountry "TUR"]
[SourceTitle "playchess.com"]
[Source "ChessBase"]
[SourceQuality "1"]

1. d4 d5 2. c4 c6 3. cxd5 cxd5 4. Nf3 Nf6 5. Nc3 Nc6 6. Bf4 Bf5 7. e3 e6 8. Bd3 Bxd3 9. Qxd3 Bd6 10. Bxd6 Qxd6 11. O-O O-O 12. Rac1 Rfc8 13. a3 Na5 14. Rc2 Qd8 15. Rfc1 Nb3 16. Rd1 Na5 17. Rdc1 Nb3 18. Rd1 Na5 19. Rdc1 1/2-1/2

[Event "TUR-chT Superleague 2018"]
[Site "Ankara"]
[Date "2018.08.05"]
[Round "13"]
[White "Muzychuk, Mariya"]
[Black "Badelka, Olga"]
[Result "1-0"]
[WhiteElo "2528"]
[BlackElo "2416"]
[Annotator "ChessBase"]
[PlyCount "63"]
[EventDate "2018.07.25"]
[EventType "team-tourn"]
[EventCountry "TUR"]
[SourceTitle "playchess.com"]
[Source "ChessBase"]
[SourceQuality "1"]

1. d4 Nf6 2. c4 e6 3. g3 c5 4. Nf3 cxd4 5. Nxd4 a6 6. Bg2 Qc7 7. O-O Nc6 8. Nc3 d6 9. b3 Bd7 10. Bg5 Be7 11. Rc1 Ne5 12. h3 Rd8 13. f4 Ng6 14. f5 Ne5 15. Bxf6 gxf6 16. e3 h5 17. Rf4 Nc6 18. Nd5 Qb8 19. fxe6 fxe6 20. Nxf6+ Bxf6 21. Rxf6 Ke7 22. Nxc6+ Bxc6 23. Qd4 Bxg2 24. Kxg2 Rdf8 25. Rcf1 e5 26. Qh4 Rxf6 27. Qxf6+ Kd7 28. c5 Rc8 29. Qf5+ Kc6 30. cxd6 Rd8 31. Qxe5 Rxd6 32. Rf6 1-0

[Event "TUR-chT Superleague 2018"]
[Site "Ankara"]
[Date "2018.08.05"]
[Round "13"]
[White "Triapishko, Aleksandr"]
[Black "Haznedaroglu, Kivanc"]
[Result "1/2-1/2"]
[WhiteElo "2502"]
[BlackElo "2458"]
[Annotator "TA"]
[PlyCount "63"]
[EventDate "2018.07.25"]
[EventType "team-tourn"]
[EventCountry "TUR"]
[SourceTitle "playchess.com"]
[Source "ChessBase"]
[SourceQuality "1"]

1. e4 e5 2. Nf3 Nc6 3. Bb5 a6 4. Ba4 Nf6 5. O-O Be7 6. d3 b5 7. Bb3 d6 8. a3 O-O 9. Nc3 Be6 10. Bxe6 fxe6 11. Re1 Qd7 12. h3 Rae8 13. Bd2 Nd4 14. Nxd4 exd4 15. Ne2 e5 16. c3 dxc3 17. Bxc3 c5 18. Ng3 Bd8 19. a4 Bb6 20. axb5 axb5 21. Ba5 Ba7 22. Bd2 Kh8 23. Be3 d5 24. exd5 Nxd5 25. Ne4 Nxe3 26. fxe3 Bb6 27. Qc2 Rc8 28. b3 Rfd8 29. Rad1 Qe6 30. Kh1 h6 31. Rf1 Qg6 32. Qb1 1/2-1/2

[Event "TUR-chT Superleague 2018"]
[Site "Ankara"]
[Date "2018.08.05"]
[Round "13"]
[White "Kevlishvili, Robby"]
[Black "Ivic, Velimir"]
[Result "0-1"]
[WhiteElo "2497"]
[BlackElo "2456"]
[Annotator "ChessBase"]
[PlyCount "124"]
[EventDate "2018.07.25"]
[EventType "team-tourn"]
[EventCountry "TUR"]
[SourceTitle "playchess.com"]
[Source "ChessBase"]
[SourceQuality "1"]

1. e4 c5 2. Nf3 d6 3. d4 cxd4 4. Nxd4 Nf6 5. Nc3 a6 6. Bc4 e6 7. Bb3 Nbd7 8. f4 Nc5 9. e5 Nfd7 10. Be3 dxe5 11. fxe5 Be7 12. Nf3 b5 13. Qe2 Bb7 14. O-O O-O 15. Rad1 Qc7 16. Bf4 Rad8 17. a3 Nxb3 18. cxb3 b4 19. axb4 Qb6+ 20. Kh1 Qxb4 21. Ng5 Nc5 22. Qc2 g6 23. Rxd8 Bxd8 24. Be3 Be7 25. Rd1 Qh4 26. Bxc5 Bxc5 27. Nge4 Bd4 28. Nf6+ Kg7 29. Qe2 Bxe5 30. Qxe5 Qxf6 31. Qe2 Rd8 32. Rxd8 Qxd8 33. Qe3 Qd6 34. Kg1 e5 35. b4 f5 36. Kf1 f4 37. Qe2 Qd4 38. b5 a5 39. Qf2 Qxf2+ 40. Kxf2 Kf7 41. Na4 Ke7 42. Nc5 Bd5 43. b6 Kd6 44. b7 Kc7 45. Nd7 Kxb7 46. Nxe5 Kb6 47. g3 Kb5 48. Ke1 Kb4 49. Kd2 Kb3 50. Kc1 f3 51. Nd3 g5 52. Nf2 h6 53. Nd3 Bg8 54. Nf2 Bh7 55. Ng4 a4 56. Nf2 Bc2 57. g4 a3 58. bxa3 Kc3 59. Nd1+ Kd3 60. Nb2+ Ke2 61. Nc4 f2 62. Nd2 Ba4 0-1

[Event "TUR-chT Superleague 2018"]
[Site "Ankara"]
[Date "2018.08.05"]
[Round "13"]
[White "Kanmazalp, Ogulcan"]
[Black "Yilmaz, Mustafa"]
[Result "1/2-1/2"]
[WhiteElo "2481"]
[BlackElo "2630"]
[Annotator "RC"]
[PlyCount "60"]
[EventDate "2018.07.25"]
[EventType "team-tourn"]
[EventCountry "TUR"]
[SourceTitle "playchess.com"]
[Source "ChessBase"]
[SourceQuality "1"]

1. e4 c5 2. Nf3 d6 3. d4 cxd4 4. Nxd4 Nf6 5. Nc3 a6 6. f3 e5 7. Nb3 Be6 8. Be3 h5 9. Nd5 Bxd5 10. exd5 Nbd7 11. Qd2 g6 12. O-O-O Nb6 13. Kb1 Nbxd5 14. Bg5 Be7 15. c4 Nb6 16. Na5 O-O 17. h4 Rb8 18. g4 Nbd7 19. Bd3 Re8 20. Rdg1 hxg4 21. h5 Nxh5 22. Bxe7 Qxe7 23. Qh6 Qf6 24. Rxh5 gxh5 25. Bh7+ Kh8 26. Bg6+ Kg8 27. Bh7+ Kh8 28. Bg6+ Kg8 29. Bh7+ Kh8 30. Bg6+ Kg8 1/2-1/2

[Event "TUR-chT Superleague 2018"]
[Site "Ankara"]
[Date "2018.08.05"]
[Round "13"]
[White "Ertan, Can"]
[Black "Sanal, Vahap"]
[Result "1-0"]
[WhiteElo "2434"]
[BlackElo "2518"]
[Annotator "ChessBase"]
[PlyCount "83"]
[EventDate "2018.07.25"]
[EventType "team-tourn"]
[EventCountry "TUR"]
[SourceTitle "playchess.com"]
[Source "ChessBase"]
[SourceQuality "1"]

1. e4 e5 2. Nf3 Nc6 3. Bb5 a6 4. Ba4 Nf6 5. O-O Be7 6. Re1 b5 7. Bb3 d6 8. c3 O-O 9. d4 Bg4 10. Be3 Na5 11. dxe5 Bxf3 12. Qxf3 dxe5 13. Bc2 Nc4 14. Bc1 Nd7 15. Rd1 Nd6 16. Qg3 a5 17. Be3 g6 18. Nd2 Re8 19. Nf3 a4 20. Rd5 c6 21. Rd3 Bf8 22. Rad1 Qc7 23. Qh4 Be7 24. Bg5 f6 25. Be3 Nf8 26. Qg4 Rad8 27. h4 h5 28. Qh3 Nc4 29. Bc1 Rxd3 30. Rxd3 Rd8 31. Ne1 Kf7 32. Bd1 Ne6 33. b3 axb3 34. axb3 Nd6 35. Qe3 f5 36. Qh6 f4 37. g4 hxg4 38. Bxg4 Rg8 39. Qh7+ Ng7 40. Be6+ Kxe6 41. Qxg8+ Kf6 42. Bxf4 1-0

[Event "TUR-chT Superleague 2018"]
[Site "Ankara"]
[Date "2018.08.05"]
[Round "13"]
[White "Mammadzada, Gunay"]
[Black "Soylemez, Cansu"]
[Result "1-0"]
[WhiteElo "2426"]
[BlackElo "1801"]
[Annotator "ChessBase"]
[PlyCount "83"]
[EventDate "2018.07.25"]
[EventType "team-tourn"]
[EventCountry "TUR"]
[SourceTitle "playchess.com"]
[Source "ChessBase"]
[SourceQuality "1"]

1. e4 c5 2. Nf3 Nc6 3. d4 cxd4 4. Nxd4 Nf6 5. Nc3 e5 6. Ndb5 d6 7. Bg5 a6 8. Na3 b5 9. Nd5 Be7 10. Bxf6 Bxf6 11. c3 Bg5 12. Nc2 Ne7 13. h4 Bh6 14. Nce3 Bxe3 15. Nxe3 O-O 16. Be2 Be6 17. Bf3 Rb8 18. Qd2 Qb6 19. a3 Kh8 20. h5 a5 21. b4 Rfc8 22. O-O a4 23. Rac1 f5 24. exf5 Nxf5 25. Nxf5 Bxf5 26. h6 Qd8 27. Rfd1 Rb6 28. hxg7+ Kxg7 29. Qe3 Be6 30. Rd2 Bb3 31. Be4 h6 32. f4 exf4 33. Qd4+ Kg8 34. Rf1 Be6 35. Bd5 Bxd5 36. Qxd5+ Kh8 37. Qd4+ Kh7 38. Rxf4 Qc7 39. Rdf2 Rb7 40. Qe4+ Kh8 41. Qe6 Qxc3 42. Rf8+ 1-0

[Event "TUR-chT Superleague 2018"]
[Site "Ankara"]
[Date "2018.08.05"]
[Round "13"]
[White "Nechaeva, Marina"]
[Black "Buksa, Nataliya"]
[Result "1/2-1/2"]
[WhiteElo "2419"]
[BlackElo "2376"]
[Annotator "RC"]
[PlyCount "51"]
[EventDate "2018.07.25"]
[EventType "team-tourn"]
[EventCountry "TUR"]
[SourceTitle "playchess.com"]
[Source "ChessBase"]
[SourceQuality "1"]

1. d4 d5 2. c4 e6 3. Nc3 Nf6 4. cxd5 exd5 5. Bg5 c6 6. e3 Nbd7 7. Bd3 Be7 8. Qc2 Nh5 9. Bxe7 Qxe7 10. O-O-O g6 11. Nf3 Ng7 12. h3 Nb6 13. g4 Be6 14. Kb1 O-O-O 15. Rc1 Kb8 16. Ka1 h5 17. Rhg1 hxg4 18. hxg4 Bc8 19. Nb1 Ne8 20. Nbd2 Nf6 21. Ne5 Nfd7 22. Nef3 Nf6 23. Ne5 Nfd7 24. Nef3 Nf6 25. Ne5 Nfd7 26. Nef3 1/2-1/2

[Event "TUR-chT Superleague 2018"]
[Site "Ankara"]
[Date "2018.08.05"]
[Round "13"]
[White "Soysal, Serkan"]
[Black "Esen, Baris"]
[Result "1/2-1/2"]
[WhiteElo "2402"]
[BlackElo "2487"]
[Annotator "ChessBase"]
[PlyCount "68"]
[EventDate "2018.07.25"]
[EventType "team-tourn"]
[EventCountry "TUR"]
[SourceTitle "playchess.com"]
[Source "ChessBase"]
[SourceQuality "1"]

1. Nf3 Nf6 2. c4 b6 3. d4 e6 4. g3 Bb7 5. Bg2 g6 6. O-O Bg7 7. Nc3 O-O 8. Bf4 Ne4 9. Nxe4 Bxe4 10. Qd2 d6 11. Bh6 Nd7 12. Bxg7 Kxg7 13. d5 Bxf3 14. exf3 e5 15. f4 exf4 16. Qxf4 Qf6 17. Qg4 Nc5 18. b4 Nd3 19. a3 Rfe8 20. Rad1 h5 21. Qf3 Qxf3 22. Bxf3 Ne5 23. Be2 a5 24. Ra1 Nd7 25. Bd3 Ne5 26. Be2 Nd7 27. Bd3 Ra7 28. Rfc1 Rea8 29. b5 Re8 30. Re1 Ne5 31. Be2 Raa8 32. f4 Nd7 33. Bd3 Kf6 34. Kf2 Nc5 1/2-1/2

[Event "TUR-chT Superleague 2018"]
[Site "Ankara"]
[Date "2018.08.05"]
[Round "13"]
[White "Erturan, Yakup"]
[Black "Tukhaev, Adam"]
[Result "1-0"]
[WhiteElo "2378"]
[BlackElo "2542"]
[Annotator "TA"]
[PlyCount "77"]
[EventDate "2018.07.25"]
[EventType "team-tourn"]
[EventCountry "TUR"]
[SourceTitle "playchess.com"]
[Source "ChessBase"]
[SourceQuality "1"]

1. e4 d6 2. d4 Nf6 3. Nc3 g6 4. Nf3 Bg7 5. Be2 O-O 6. O-O e6 7. Bf4 h6 8. e5 dxe5 9. Nxe5 c6 10. Qd2 Kh7 11. Bd3 b6 12. Nxf7 Rxf7 13. Bxg6+ Kg8 14. Bxf7+ Kxf7 15. Bxh6 Qh8 16. Bxg7 Qxg7 17. Rfe1 Nbd7 18. Re3 Bb7 19. Rae1 Rg8 20. Rg3 Qh7 21. Rxg8 Qxg8 22. Qe3 Ke7 23. Ne4 c5 24. Ng5 Bd5 25. h4 Nh7 26. dxc5 Nxg5 27. hxg5 bxc5 28. b3 Qg6 29. c4 Bc6 30. f4 Qf5 31. Qh3 Be4 32. Qxf5 Bxf5 33. Kf2 e5 34. fxe5 Ke6 35. Kf3 Bc2 36. Kg4 Bg6 37. Kf4 Bc2 38. Rc1 Nb8 39. Rxc2 1-0

[Event "TUR-chT Superleague 2018"]
[Site "Ankara"]
[Date "2018.08.05"]
[Round "13"]
[White "Can, Isik"]
[Black "Bozbey, Ali"]
[Result "1/2-1/2"]
[WhiteElo "2377"]
[BlackElo "2126"]
[Annotator "NA"]
[PlyCount "123"]
[EventDate "2018.07.25"]
[EventType "team-tourn"]
[EventCountry "TUR"]
[SourceTitle "playchess.com"]
[Source "ChessBase"]
[SourceQuality "1"]

1. e4 g6 2. d4 Bg7 3. Nc3 c6 4. f4 d5 5. e5 Nh6 6. Nf3 Bg4 7. Be3 Nf5 8. Bf2 e6 9. h3 Bxf3 10. Qxf3 Na6 11. O-O-O Bf8 12. g4 Ng7 13. Kb1 Be7 14. Ne2 h5 15. f5 gxf5 16. Nf4 hxg4 17. hxg4 Rxh1 18. Qxh1 Kd7 19. gxf5 Nxf5 20. Bh3 Qh8 21. Qf3 Qh7 22. Rh1 Rh8 23. a3 Nc7 24. Ka2 b5 25. Qc3 a5 26. Nd3 b4 27. axb4 axb4 28. Nxb4 Ra8+ 29. Kb1 Bxb4 30. Qxb4 Nb5 31. Bg2 Qg7 32. Bf3 Qf8 33. Qxf8 Rxf8 34. c3 f6 35. Rh7+ Kc8 36. Bg4 Rg8 37. exf6 Rf8 38. f7 Nbd6 39. Bxf5 Nxf5 40. Be1 Kd7 41. Bd2 Nd6 42. Bf4 Rxf7 43. Rh4 Nf5 44. Rg4 Rg7 45. Rxg7+ Nxg7 46. Kc2 Nf5 47. Kb3 Nd6 48. Bxd6 Kxd6 49. Kb4 c5+ 50. Kb3 c4+ 51. Kb4 e5 52. dxe5+ Kxe5 53. Kb5 Kf5 54. Kb6 Kf6 55. Kc6 Ke6 56. Kc5 Ke5 57. Kc6 d4 58. cxd4+ Kxd4 59. Kd6 Kd3 60. Kd5 c3 61. bxc3 Kxc3 62. Ke4 1/2-1/2

[Event "TUR-chT Superleague 2018"]
[Site "Ankara"]
[Date "2018.08.05"]
[Round "13"]
[White "Savina, Anastasia"]
[Black "Unuk, Laura"]
[Result "1-0"]
[WhiteElo "2334"]
[BlackElo "2340"]
[Annotator "NA"]
[PlyCount "53"]
[EventDate "2018.07.25"]
[EventType "team-tourn"]
[EventCountry "TUR"]
[SourceTitle "playchess.com"]
[Source "ChessBase"]
[SourceQuality "1"]

1. d4 Nf6 2. c4 e6 3. Nf3 b6 4. g3 Bb4+ 5. Bd2 Be7 6. Nc3 c6 7. Qc2 Ba6 8. e4 d5 9. cxd5 Bxf1 10. Kxf1 exd5 11. e5 Nfd7 12. Ne2 Nf8 13. h4 Ne6 14. Ng5 Bxg5 15. hxg5 g6 16. f4 c5 17. dxc5 bxc5 18. f5 gxf5 19. Qxf5 Qd7 20. Qf6 Rf8 21. Rxh7 Qb5 22. g6 Qxb2 23. Rxf7 Qxa1+ 24. Kg2 Rxf7 25. Qxe6+ Kd8 26. gxf7 Nd7 27. Ba5+ 1-0

[Event "TUR-chT Superleague 2018"]
[Site "Ankara"]
[Date "2018.08.05"]
[Round "13"]
[White "Balajayeva, Khanim"]
[Black "Shuvalova, Polina"]
[Result "1/2-1/2"]
[WhiteElo "2332"]
[BlackElo "2413"]
[Annotator "NA"]
[PlyCount "93"]
[EventDate "2018.07.25"]
[EventType "team-tourn"]
[EventCountry "TUR"]
[SourceTitle "playchess.com"]
[Source "ChessBase"]
[SourceQuality "1"]

1. e4 c6 2. d4 d5 3. exd5 cxd5 4. c4 Nf6 5. Nc3 e6 6. Nf3 Bb4 7. cxd5 Nxd5 8. Bd2 Nc6 9. Bd3 Be7 10. O-O O-O 11. a3 Bf6 12. Qe2 Bxd4 13. Nxd5 Qxd5 14. Be4 Qd6 15. Rfd1 e5 16. Bc3 Bg4 17. Bxh7+ Kxh7 18. Ng5+ Kg8 19. Qxg4 Qg6 20. h4 f6 21. Qe6+ Kh8 22. Nf3 Bxc3 23. bxc3 Rfe8 24. Qh3 Rad8 25. Rab1 b6 26. h5 Qc2 27. Re1 Ne7 28. Nh4 Qd3 29. Qg4 Qxc3 30. h6 gxh6 31. Qh5 Qc2 32. Qxh6+ Qh7 33. Qxf6+ Qg7 34. Qf3 Nd5 35. Rbc1 Nf4 36. Rc6 Rf8 37. Ng6+ Nxg6 38. Qh5+ Qh7 39. Qxg6 Qxg6 40. Rxg6 Rd5 41. Rg5 Rd3 42. Rexe5 Rxa3 43. Rh5+ Kg7 44. Rhg5+ Kh8 45. Rh5+ Kg7 46. Rhg5+ Kh8 47. Rh5+ 1/2-1/2

[Event "TUR-chT Superleague 2018"]
[Site "Ankara"]
[Date "2018.08.05"]
[Round "13"]
[White "Tuncer, Tuna"]
[Black "Ozenir, Ekin Baris"]
[Result "1/2-1/2"]
[WhiteElo "2328"]
[BlackElo "2314"]
[Annotator "NA"]
[PlyCount "92"]
[EventDate "2018.07.25"]
[EventType "team-tourn"]
[EventCountry "TUR"]
[SourceTitle "playchess.com"]
[Source "ChessBase"]
[SourceQuality "1"]

1. e4 Nc6 2. Nf3 d6 3. d4 Nf6 4. c3 g6 5. Bd3 Bg7 6. O-O O-O 7. Nbd2 e5 8. dxe5 Nxe5 9. Nxe5 dxe5 10. Nc4 Qe7 11. Bg5 h6 12. Bh4 Rd8 13. Qc2 g5 14. Bg3 Nh5 15. Rfd1 Nf4 16. Bf1 Be6 17. Ne3 c6 18. a4 Qc7 19. a5 Rxd1 20. Qxd1 Rd8 21. Qc2 Bf8 22. f3 b5 23. Bf2 a6 24. g3 Ng6 25. c4 Rd7 26. c5 Qd8 27. Be1 Qf6 28. Be2 h5 29. Rd1 Rxd1 30. Nxd1 g4 31. fxg4 Bxg4 32. Bxg4 hxg4 33. Ne3 Qf3 34. Nf5 Kh7 35. b4 Bh6 36. Bd2 Bf8 37. Bg5 Qa3 38. Qd2 Qa1+ 39. Qc1 Qxc1+ 40. Bxc1 f6 41. Kf2 Ne7 42. Nd6 Kg6 43. Ke2 Ng8 44. Nf5 Ne7 45. Nd6 Ng8 46. Nf5 Ne7 1/2-1/2

[Event "TUR-chT Superleague 2018"]
[Site "Ankara"]
[Date "2018.08.05"]
[Round "13"]
[White "Yildiz Kadioglu, Betul Cemre"]
[Black "Mamedjarova, Zeinab"]
[Result "1/2-1/2"]
[WhiteElo "2295"]
[BlackElo "2345"]
[Annotator "NA"]
[PlyCount "173"]
[EventDate "2018.07.25"]
[EventType "team-tourn"]
[EventCountry "TUR"]
[SourceTitle "playchess.com"]
[Source "ChessBase"]
[SourceQuality "1"]

1. Nf3 Nf6 2. d4 e6 3. c4 b6 4. g3 Bb7 5. Bg2 d5 6. cxd5 Nxd5 7. O-O Be7 8. Nc3 O-O 9. Nxd5 Bxd5 10. Qc2 c5 11. e4 Bb7 12. Rd1 Nd7 13. dxc5 Qc8 14. c6 Bxc6 15. Nd4 Nb8 16. Bf4 Bb7 17. Qxc8 Rxc8 18. Nb5 Bc6 19. Nc7 g5 20. Nxa8 gxf4 21. Rac1 fxg3 22. hxg3 Bc5 23. a3 Ba4 24. Re1 Rd8 25. b4 Bd4 26. Re2 Nd7 27. Rd2 Ne5 28. Nc7 b5 29. Nd5 Bb6 30. Ne7+ Kg7 31. Rxd8 Bxd8 32. Nc6 Bf6 33. Nxe5 Bxe5 34. Bf1 Kf6 35. Rc6 Bd4 36. Bd3 Bb2 37. Ra6 Bd4 38. Rc6 Bb2 39. Rc7 Bd4 40. Rb7 Bb6 41. Kf1 e5 42. Ke2 h6 43. f3 h5 44. Kf1 Ke6 45. Kg2 f6 46. Kh3 Bd1 47. Bxb5 Bxf3 48. Bd3 f5 49. exf5+ Kf6 50. Rb8 e4 51. Bb5 Kxf5 52. Re8 Kg5 53. Bc6 Bg4+ 54. Kg2 Bf3+ 55. Kh2 Kf5 56. a4 Bc7 57. Kh3 Bg4+ 58. Kg2 Bf3+ 59. Kh3 Bd6 60. b5 Bb4 61. Bd7+ Kg5 62. Bc6 Kf5 63. Kh2 Bd6 64. Rh8 Kg5 65. Rd8 Bc7 66. Rd7 Bb8 67. Rg7+ Kf6 68. Rb7 Be5 69. Rh7 Kg6 70. Re7 Kf6 71. Rh7 Kg6 72. Rxa7 h4 73. Ra8 hxg3+ 74. Kh3 g2 75. Rg8+ Kf5 76. a5 Bd4 77. Rxg2 Bxg2+ 78. Kxg2 Bc3 79. a6 Bd4 80. Kf1 Ke5 81. Ke2 e3 82. Kd3 Bb6 83. Bf3 Kd6 84. Kc4 Kc7 85. Kd5 Ba7 86. Be2 Bb6 87. Ke4 1/2-1/2

[Event "TUR-chT Superleague 2018"]
[Site "Ankara"]
[Date "2018.08.05"]
[Round "13"]
[White "Injac, Teodora"]
[Black "Szczepkowska, Karina"]
[Result "0-1"]
[WhiteElo "2271"]
[BlackElo "2404"]
[Annotator "NA"]
[PlyCount "174"]
[EventDate "2018.07.25"]
[EventType "team-tourn"]
[EventCountry "TUR"]
[SourceTitle "playchess.com"]
[Source "ChessBase"]
[SourceQuality "1"]

1. d4 Nf6 2. Nf3 e6 3. c4 Bb4+ 4. Nbd2 O-O 5. a3 Be7 6. e4 d6 7. Be2 Nbd7 8. O-O e5 9. b4 Re8 10. Bb2 exd4 11. Nxd4 Bf8 12. Qc2 Ne5 13. N4b3 Bd7 14. f3 h5 15. Rad1 Ng6 16. Rfe1 Nh7 17. Bf1 Qg5 18. Nb1 h4 19. Nc3 Qh5 20. Qf2 Nf6 21. Nb5 Bxb5 22. cxb5 Nd7 23. Rd5 Qh7 24. f4 Nb6 25. Rf5 d5 26. e5 Nh8 27. Bd3 Nc4 28. Bc3 a6 29. Qf3 g6 30. Rg5 axb5 31. f5 Qh6 32. Rg4 Ra6 33. e6 fxe6 34. fxg6 Bg7 35. Bxg7 Qxg7 36. Bxc4 bxc4 37. Nc5 Rd6 38. Nxb7 Rd7 39. Nc5 Rd6 40. Rxh4 Nxg6 41. Rg4 e5 42. h4 e4 43. Qg3 Re5 44. a4 Rh5 45. a5 Qd4+ 46. Kh1 Kh7 47. a6 Nxh4 48. Rxh4 Rxh4+ 49. Qxh4+ Rh6 50. Qxh6+ Kxh6 51. a7 Qh8 52. Ne6 Kg6+ 53. Kg1 Kf7 54. Ng5+ Ke7 55. Nxe4 dxe4 56. Rxe4+ Kd6 57. Rxc4 Qa1+ 58. Kh2 Qxa7 59. Rf4 Qa2 60. Kh3 Qe6+ 61. Kh4 Qh6+ 62. Kg4 Qg6+ 63. Kh3 Ke5 64. g3 Qh5+ 65. Kg2 Qe2+ 66. Kh3 Qd2 67. Kg4 Qe2+ 68. Kh3 c6 69. Kh4 Ke6 70. Kh3 Qh5+ 71. Kg2 Ke5 72. Kf2 Qh1 73. Rh4 Qc1 74. Kf3 Qc3+ 75. Kg2 Qe3 76. Kh3 Qf3 77. Kh2 Qf1 78. Rh5+ Ke4 79. Rh4+ Ke3 80. Rh6 Qf3 81. Rh4 Qf1 82. Rh6 Qe2+ 83. Kh3 Qf3 84. Rh4 Qh1+ 85. Kg4 Qg2 86. Rh6 Qe4+ 87. Kh3 Qh1+ 0-1

[Event "TUR-chT Superleague 2018"]
[Site "Ankara"]
[Date "2018.08.05"]
[Round "13"]
[White "Yaran, Siar"]
[Black "Alekseenko, Kirill"]
[Result "0-1"]
[WhiteElo "2240"]
[BlackElo "2635"]
[Annotator "TA"]
[PlyCount "74"]
[EventDate "2018.07.25"]
[EventType "team-tourn"]
[EventCountry "TUR"]
[SourceTitle "playchess.com"]
[Source "ChessBase"]
[SourceQuality "1"]

1. e4 c5 2. Na3 g6 3. h4 h5 4. Nf3 Bg7 5. c3 Nf6 6. e5 Ng4 7. d4 cxd4 8. cxd4 O-O 9. Bd3 d6 10. exd6 Qxd6 11. O-O Nc6 12. Nb5 Qd8 13. d5 Nb4 14. Bc4 Bf5 15. a3 Nc2 16. Ra2 a6 17. Nc3 Qc7 18. Bb3 Nd4 19. g3 Nxf2 20. Rxf2 Qxg3+ 21. Kf1 Bh3+ 22. Ke1 Bg4 23. Bf4 Nxf3+ 24. Qxf3 Qxf3 25. Rxf3 Bxf3 26. Kf2 Bg4 27. Ra1 Rac8 28. Bd2 Rfd8 29. Re1 Rd6 30. Na4 Bd4+ 31. Kg2 Rf6 32. Be3 Bxe3 33. Rxe3 Kf8 34. Nc3 Rb6 35. Ne4 Bf5 36. Ng5 Bc2 37. d6 Bxb3 0-1

[Event "TUR-chT Superleague 2018"]
[Site "Ankara"]
[Date "2018.08.05"]
[Round "13"]
[White "Uzumcu, Ahmet Utku"]
[Black "Tasdogen, Dincer"]
[Result "0-1"]
[WhiteElo "2231"]
[BlackElo "2280"]
[Annotator "NA"]
[PlyCount "84"]
[EventDate "2018.07.25"]
[EventType "team-tourn"]
[EventCountry "TUR"]
[SourceTitle "playchess.com"]
[Source "ChessBase"]
[SourceQuality "1"]

1. e4 c5 2. Nf3 Nc6 3. d4 cxd4 4. Nxd4 g6 5. Nc3 Bg7 6. Be3 Nf6 7. Bc4 O-O 8. Bb3 a5 9. O-O a4 10. Nxa4 Nxe4 11. Nb5 d5 12. c3 e6 13. Nc5 Nxc5 14. Bxc5 Re8 15. Re1 b6 16. Be3 Ba6 17. Ba4 Na5 18. Nd4 Rf8 19. Bf4 Nc4 20. Nc6 Qe8 21. Nb4 Nxb2 22. Bxe8 Nxd1 23. Bc6 Nxc3 24. Bxa8 Rxa8 25. Nxa6 Rxa6 26. Be5 d4 27. Kf1 b5 28. Bxg7 Kxg7 29. a3 Kf6 30. Rec1 Ke5 31. Ke1 Kd5 32. Kd2 Rc6 33. f4 f6 34. Rc2 e5 35. fxe5 fxe5 36. Rf1 e4 37. Rb2 d3 38. Rb4 Rc4 39. Rxc4 Kxc4 40. Ke3 Nd5+ 41. Kxe4 d2 42. Rd1 Nc3+ 0-1

[Event "TUR-chT Superleague 2018"]
[Site "Ankara"]
[Date "2018.08.05"]
[Round "13"]
[White "Samani, Yamac"]
[Black "Eren, Ataberk"]
[Result "1-0"]
[WhiteElo "2217"]
[BlackElo "2193"]
[Annotator "NA"]
[PlyCount "77"]
[EventDate "2018.07.25"]
[EventType "team-tourn"]
[EventCountry "TUR"]
[SourceTitle "playchess.com"]
[Source "ChessBase"]
[SourceQuality "1"]

1. e4 e6 2. d4 d5 3. Nc3 Nf6 4. e5 Nfd7 5. f4 c5 6. Nf3 Nc6 7. Be3 Be7 8. Qd2 O-O 9. dxc5 Nxc5 10. O-O-O a6 11. Kb1 b5 12. Bxc5 Bxc5 13. Bd3 f5 14. exf6 Qxf6 15. Ne2 Bd6 16. Rhf1 Bb7 17. g3 Rad8 18. Ned4 Nxd4 19. Nxd4 b4 20. Rde1 Rfe8 21. Nf3 a5 22. Ne5 Ra8 23. g4 Qh4 24. Qe3 Ba6 25. Bxa6 Rxa6 26. Qd3 Raa8 27. f5 Bxe5 28. Rxe5 exf5 29. Qxd5+ Kh8 30. gxf5 Rad8 31. Qxa5 Qxh2 32. Rxe8+ Rxe8 33. Qxb4 h5 34. a4 Qe5 35. Qh4 Rb8 36. Qxh5+ Kg8 37. b3 Qe4 38. Qf3 Qe5 39. f6 1-0

[Event "TUR-chT Superleague 2018"]
[Site "Ankara"]
[Date "2018.08.05"]
[Round "13"]
[White "Gulbeyaz, Emir"]
[Black "Karaoglan, Doruk"]
[Result "0-1"]
[WhiteElo "2208"]
[BlackElo "2234"]
[Annotator "NA"]
[PlyCount "100"]
[EventDate "2018.07.25"]
[EventType "team-tourn"]
[EventCountry "TUR"]
[SourceTitle "playchess.com"]
[Source "ChessBase"]
[SourceQuality "1"]

1. e4 c5 2. b3 g6 3. Bb2 Nf6 4. e5 Nd5 5. d4 Qa5+ 6. Qd2 Qxd2+ 7. Nxd2 cxd4 8. Bxd4 Nc6 9. Bb2 Bg7 10. Ngf3 d6 11. O-O-O Ncb4 12. Kb1 Bf5 13. Nd4 Bxe5 14. Nxf5 gxf5 15. Bb5+ Kf8 16. Bxe5 dxe5 17. Kb2 Rc8 18. Bc4 Nb6 19. Rhe1 e4 20. g4 fxg4 21. Rxe4 h5 22. a4 Nc6 23. Bb5 Rh6 24. Nf1 e6 25. Bxc6 Rxc6 26. Rd8+ Kg7 27. a5 Nd5 28. c4 Nf6 29. Re5 Rh8 30. Rd4 Rhc8 31. Rg5+ Kh6 32. Rb5 R8c7 33. Ne3 a6 34. Rb4 Rc5 35. Ra4 Re5 36. Ra2 Ne4 37. Nd1 Ng5 38. Kc3 Nf3 39. Rd8 Re1 40. Ne3 Rh1 41. Rh8+ Kg6 42. Rg8+ Kh7 43. Rd8 Rxh2 44. Nf1 Rg2 45. Ng3 h4 46. Ne4 h3 47. Nf6+ Kg6 48. Ne8 Re7 49. Nd6 h2 50. Rh8 Rg1 0-1

[Event "TUR-chT Superleague 2018"]
[Site "Ankara"]
[Date "2018.08.05"]
[Round "13"]
[White "Sahin, Ozgun"]
[Black "Ererdem, Gani Eren"]
[Result "1/2-1/2"]
[WhiteElo "2208"]
[BlackElo "2157"]
[Annotator "NA"]
[PlyCount "60"]
[EventDate "2018.07.25"]
[EventType "team-tourn"]
[EventCountry "TUR"]
[SourceTitle "playchess.com"]
[Source "ChessBase"]
[SourceQuality "1"]

1. e4 d6 2. d4 Nf6 3. Nc3 e5 4. Nf3 Nbd7 5. g4 d5 6. dxe5 Nxe4 7. Qxd5 Nxc3 8. bxc3 c6 9. Qd4 Bc5 10. Qe4 Be7 11. Nd4 Qa5 12. Bd2 Qxe5 13. Qxe5 Nxe5 14. h3 Bd7 15. f4 Ng6 16. Rb1 O-O-O 17. Bc4 c5 18. Nf3 Bc6 19. Rf1 Rhe8 20. Kd1 Nh4 21. Ne5 Bg2 22. Rf2 f6 23. Be6+ Kc7 24. Nf7 Bxh3 25. Nxd8 Rxd8 26. Rh2 Nf3 27. Re2 b6 28. c4 Nd4 29. Rh2 Nf3 30. Rf2 Nd4 1/2-1/2